Statistiche per Mappa del Medio Oriente

Clicka qui per fare il quiz!

Statistiche generali

  • Questo quiz è stato fatto 1,007 volte
  • Il punteggio medio è 22 su 27

Statistiche sulle risposte

Answer % Corretto
Egitto
99%
Turchia
98%
Cipro
98%
Arabia Saudita
94%
Iran
90%
Iraq
89%
Oman
88%
Siria
87%
Israele
87%
Stato di Palestina
86%
Kazakistan
86%
Pakistan
86%
Emirati Arabi Uniti
84%
Libano
84%
Yemen
83%
Giordania
82%
Afghanistan
81%
Bahrain
78%
Armenia
77%
Kuwait
76%
Qatar
76%
Azerbaijan
76%
Tagikistan
68%
Georgia
66%
Uzbekistan
65%
Kirghizistan
59%
Turkmenistan
58%

Distribuzione punteggi

Percentile per numero di risposta

Percentuale di utenti per punteggio

I tuoi punteggi nel tempo

Non hai fatto questo quiz